Welfare regimes and the normas of social exchange /
Bewaard in:
| Hoofdauteur: | |
|---|---|
| Formaat: | Texto |
| Tags: |
Voeg label toe
Geen labels, Wees de eerste die dit record labelt!
|
MARC
| LEADER | 00000 a a2200000 04500 | ||
|---|---|---|---|
| 001 | 48909 | ||
| 003 | |||
| 040 | |||
| 100 | |a Mau, Steffen | ||
| 245 | |a Welfare regimes and the normas of social exchange / |c Steffen Mau | ||
| 773 | |g volumen52, número1, (2004), página 53-74 | ||
| 999 | |c 34559 |d 34559 | ||
